000 00784nam a2200229 a 4500
001 000005187
005 20260327115715.0
008 090805s2006 dr r 000 0 spa d
040 _aDO-SdBNP
_bspa
_cBNPHU
082 _a332.642
_bR426c
110 0 _aRepública Dominicana.
_bSuperintendencia de Valores
_914843
245 1 0 _aCompendio de normas.
260 _aSanto Domingo :
_bSIV,
_c2006.
300 _a239 p. ;
_c27 cm.
590 _aInventariado, 2018/MFF
650 4 _aBolsa de valores
_xRepublica dominicana
_vNORMAS
_914844
650 0 _aAcciones (Bolsa)
_914845
650 0 _aMercado de capitales
_914846
650 4 _aEspeculaciones mercantiles
_914847
650 4 _aDocumentos negociables
_xRepublica dominicana
_vNORMAS
_914848
910 _aValidado. Control de calidad. EMS
999 _c4989
_d4989